Normal view
MARC view
Entry Personal Name
001 - CONTROL NUMBER
- control field: 40705
003 - CONTROL NUMBER IDENTIFIER
- control field: dpl
005 - DATE AND TIME OF LATEST TRANSACTION
- control field: 20120203131245.0
008 - FIXED-LENGTH DATA ELEMENTS
- fixed length control field: 120203|||a|||||| | ||| d
040 ## - CATALOGING SOURCE
- Original cataloging agency: dpl
- Transcribing agency: dpl
100 ## - HEADING--PERSONAL NAME
- Personal name: Coffee, Peter
670 ## - SOURCE DATA FOUND
- Source citation: Work cat.: (dpl): Coffee, Peter, Peter coffee teaches PCs /, 1998
670 ## - SOURCE DATA FOUND
- Source citation: Work cat.: (dpl): Coffee, Peter, Peter coffee teaches PCs /, 1998
